| 000 | 00372 a2200157 4500 | ||
|---|---|---|---|
| 020 | _a978-7-119-11564-1 | ||
| 040 | _aULA-LD-MS | ||
| 082 | _a32 | ||
| 100 |
_91011 _aXI,Jinping |
||
| 245 | _aA Governaȧo da China I | ||
| 260 |
_aChina _bLinguas estrangeiras _c2014/2018 |
||
| 300 | _a567p | ||
| 600 | 0 | _aXI,Jinping | |
| 650 | _aCienciais Sociais | ||
| 942 | _cLivros | ||
| 999 |
_c2181 _d2181 |
||